Microbial protein toxins /

Bibliographic Details
Other Authors: Schmitt, Manfred J., Schaffrath, Raffael
Format: Book
Language:English
Published: Berlin ; New York : Springer, 2005.
Series:Topics in current genetics ; 11.
Subjects:

MARC

Tag First Indicator Second Indicator Subfields
LEADER 00000cam a2200000Ka 4500
001 in00004501113
005 20191203131322.0
008 050316s2005 gw a 001 0 eng d
016 7 |a 972375112  |2 GyFmDB 
020 |a 3540235620 (alk. paper) 
035 |a (OCoLC)ocm58483813 
035 |z (UtOrBLW)38657 
035 |a 56005 
040 |a SISPL  |c SISPL  |d OHX  |d TMV  |d UtOrBLW 
049 |a TMVM  |c 1 
060 4 |a QW 630  |b M626 2005 
072 7 |a QR  |2 lcco 
245 0 0 |a Microbial protein toxins /  |c Manfred J. Schmitt, Raffael Schaffrath, (Eds.). 
264 1 |a Berlin ;  |a New York :  |b Springer,  |c 2005. 
300 |a xiii, 237 pages :  |b illustrations ;  |c 24 cm. 
336 |a text  |2 rdacontent  |b txt 
337 |a unmediated  |2 rdamedia 
338 |a volume  |2 rdacarrier  |b nc 
490 1 |a Topics in current genetics,  |v 11 
504 |a Includes bibliographical referenences index. 
505 0 |a Diphtheria toxin, diphtheria-related fusion protein toxins, and the molecular mechanism of their action against eukaryotic cells -- Anthrax toxin and genetic aspects regulating its expression -- Shiga toxins and their mechanisms of cell entry -- Cholera toxin : mechanisms of entry into host cells -- ExoU : a cytotoxin delivered by the type III secretion system of Pseudomonas aeruginosa -- Staphylococcal alpha-toxin -- S. cerevisiae K28 toxin - a secreted virus toxin of the A/B family of protein toxins -- Kluyveromyces lactis zymocin and other plasmid-encoded yeast killer toxins -- The Ustilage maydis killer toxins -- Zygocin - a monomeric protein toxin secreted by virus-infected Zygosaccharomyces bailii -- Acidophilic structure and killing mechanism of the Pichia farinosa killer toxin SMKT -- Ricin : structure, synthesis and mode of action 
650 2 |a Bacterial Proteins  |x toxicity. 
650 2 |a Fungal Proteins  |x toxicity. 
700 1 |a Schmitt, Manfred J. 
700 1 |a Schaffrath, Raffael. 
830 0 |a Topics in current genetics ;  |v 11. 
948 |a PO 9591 
999 |a MARS 
999 f f |s 8fce5cce-8c07-38be-a457-51d38f1643c0  |i b9625393-0105-345c-a6c1-d720568ee1eb  |t 0 
952 f f |p ric  |a Texas A&M University  |b Rellis Campus  |c Joint Library Facility  |d Remote Storage  |t 0  |e QW 630 M626 2005  |h National Library of Medicine classification  |i unmediated -- volume  |m 323890188337C 
998 f f |a QW 630 M626 2005  |t 0  |l Remote Storage